000 00450nam a2200157 i 4500
001 21124
003 ES-MaACL
005 20230906152425.0
007 t|
008 021121s1842 fr ||||1| fre d
100 1 _aAlauzet, Isidore.
_919174
245 1 0 _aEssai sur les peines et le systeme penitentiaire /
_cIsidore Alauzet.
260 _aParĂ­s :
_b[s.n.,
_c1842] (
_fImp. Royale)
300 _aXVIII, 259 p. ;
_c20 cm.
852 _aES-MaACL
_jC-3385
999 _c21124
_d21124